Statistics for Click the Movie Title Ending #4

Click here to take the quiz!

General Stats

  • This quiz has been taken 28,234 times
    (27,995 since last reset)
  • The average score is 17 of 24

Answer Stats

HintAnswer% Correct
MammaMia!
95%
WonderWoman
90%
CastAway
89%
DirtyDancing
88%
Mrs.Doubtfire
83%
HappyFeet
81%
PublicEnemies
78%
SunsetBlvd.
76%
FallingDown
75%
America'sSweethearts
75%
NapoleonDynamite
74%
ChickenRun
74%
BeforeSunrise
74%
SouthPacific
70%
AlmostFamous
69%
MissCongeniality
66%
BrokenArrow
65%
MeanStreets
63%
TrueGrit
62%
InBruges
58%
RevolutionaryRoad
58%
GreenBook
48%
DeadCalm
45%
PushingTin
34%

Score Distribution

Percentile by Number Answered

Percent of People with Each Score

Your Score History

You have not taken this quiz since the last reset